Geographie A-Z #2 - Statistiken

Allgemein
  • Dieses Quiz wurde 14.743 mal gespielt
  • Das Durchschnittsergebnis liegt bei 15 aus 26
Antwortstatistiken
Hinweis Antwort % Korrekt
A Ein Buch mit Karten Atlas
96%
E Nördlichster der drei baltischen Staaten Estland
86%
K Afrika, Europa, Asien, ... Kontinent
86%
M Kleine Inselnation südich von Italien Malta
85%
P Nördlichster und südlichster Punkt der Erde Pol
84%
T Fluss Londons Themse
82%
V Lavaspeiender Berg Vulkan
82%
J Land der aufgehenden Sonne Japan
81%
H Eine Hälfte der Erde Hemisphäre
79%
F Norwegischer enger und langer Meeresarm Fjord
70%
L St. Petersburg, früher Leningrad
70%
D Größte Stadt in Colorado Denver
66%
R Insel, einst Heimat eines "Kolosses" Rhodos
66%
U Viertgrößte Stadt der Niederlande Utrecht
56%
N Land mit der zweitkleinsten Bevölkerung Nauru
55%
Q Südamerikanische Hauptstadt Quito
54%
W Swansea ist seine zweitgrößte Stadt Wales
52%
G Größere Meeresbucht Golf
47%
S Größte ganz in Indonesien gelegene Insel Sumatra
39%
C Größte Stadt auf Neuseelands Südinsel Christchurch
33%
B Dzongkha heißt seine Amtssprache Bhutan
32%
Z Unterer Teil eines Gletschers Zunge
32%
Y Kanadisches Territorium Yukon
29%
I Längster Fluss Pakistans Indus
28%
X Hauptstadt der Provinz Shaanxi, China Xi'an
27%
O Hawaiianische Insel O'ahu
24%
Keine übereinstimmenden Quizze gefunden
Verteilung der Resultate
Anzahl Personen mit jedem Resultat
Perzentil nach korrekt beantworteten Fragen
Ihre Resultats-Entwicklung
Sie haben dieses Quiz noch nicht gespielt